Stock prices and exchange rates in the EU and the USA: evidence of their mutual interactions

Enregistré dans:
Détails bibliographiques
Auteur principal: Stavárek, Daniel
Format: Chapitre de livre
Langue:anglais
Sujets:
Tags: Ajouter un tag
Pas de tags, Soyez le premier à ajouter un tag!

MARC

LEADER 00000naa$a2200000$$$4500
001 0032939
005 20231010104911.3
041 0 |a eng 
044 |a CZ 
245 1 0 |a Stock prices and exchange rates in the EU and the USA: evidence of their mutual interactions  |c Daniel Stavárek 
610 2 0 |a ceny 
610 2 0 |a akcie 
610 2 0 |a kurz výmenný 
610 2 0 |a Európska únia 
610 2 0 |a USA 
610 2 0 |a modely regresné 
610 2 0 |a modely 
610 2 0 |a vzťahy peňažné medzinárodné 
100 1 |a Stavárek, Daniel